| 000 | 00657nam a2200205 u 4500 | ||
|---|---|---|---|
| 005 | 20210223130527.0 | ||
| 008 | 080623s2007 mx r 000 0 spa d | ||
| 020 | _a9789681683658 | ||
| 035 | _aUPN01000157292 | ||
| 049 | _aI | ||
| 050 | 4 |
_aPZ74.3 _bR3.2 |
|
| 100 | 1 |
_aRamos Guzmán, María Cristina, _d1952- _933115 |
|
| 245 | 1 | 0 |
_aBarcos en la lluvia / _cMaría Cristina Ramos ; il. de Claudia Legnazzi. |
| 260 |
_aMéxico : _bFCE, _c2007. |
||
| 300 |
_a[58] p. : _bprincipalmente il. col. |
||
| 440 | 4 | _aLos primerísimos | |
| 650 | 4 |
_aPOESIA INFANTIL ARGENTINA _911596 |
|
| 700 | 1 |
_aLegnazzi Lameiro, Claudia, _d1956- _eil. _939606 |
|
| 905 | _aInfantil | ||
| 999 |
_c129406 _d129406 |
||